<?xml version="1.0" encoding="UTF-8"?>
<record
    xmlns:xsi="http://www.w3.org/2001/XMLSchema-instance"
    xsi:schemaLocation="http://www.loc.gov/MARC21/slim http://www.loc.gov/standards/marcxml/schema/MARC21slim.xsd"
    xmlns="http://www.loc.gov/MARC21/slim">

  <leader>03172cam a2200349 i 4500</leader>
  <controlfield tag="001">18398690</controlfield>
  <controlfield tag="003">OSt</controlfield>
  <controlfield tag="005">20231207092336.0</controlfield>
  <controlfield tag="008">141205s2015    paua     b    001 0deng  </controlfield>
  <datafield tag="020" ind1=" " ind2=" ">
    <subfield code="a">9780323030106</subfield>
  </datafield>
  <datafield tag="035" ind1=" " ind2=" ">
    <subfield code="a">(DNLM)101647701</subfield>
  </datafield>
  <datafield tag="040" ind1=" " ind2=" ">
    <subfield code="a">DNLM/DLC</subfield>
    <subfield code="c">LC</subfield>
    <subfield code="e">rda</subfield>
    <subfield code="d">DLC</subfield>
  </datafield>
  <datafield tag="042" ind1=" " ind2=" ">
    <subfield code="a">pcc</subfield>
  </datafield>
  <datafield tag="050" ind1="0" ind2="0">
    <subfield code="a">RT84.5.N97</subfield>
  </datafield>
  <datafield tag="130" ind1=" " ind2=" ">
    <subfield code="a">Nursing theories and their work</subfield>
    <subfield code="9">2826</subfield>
  </datafield>
  <datafield tag="245" ind1="1" ind2="0">
    <subfield code="a">Nursing theorists and their work. /</subfield>
    <subfield code="c">[Edited by] Ann Marriner Tomey &amp; Martha Ralie Alligood.</subfield>
  </datafield>
  <datafield tag="250" ind1=" " ind2=" ">
    <subfield code="a">6th ed.</subfield>
  </datafield>
  <datafield tag="264" ind1=" " ind2="1">
    <subfield code="a">St. Louis, Missouri :</subfield>
    <subfield code="b">Mosby,</subfield>
    <subfield code="c">2006.</subfield>
  </datafield>
  <datafield tag="300" ind1=" " ind2=" ">
    <subfield code="a">xx, 828 p. :</subfield>
    <subfield code="c">26 cm</subfield>
  </datafield>
  <datafield tag="336" ind1=" " ind2=" ">
    <subfield code="a">text</subfield>
    <subfield code="2">rdacontent</subfield>
  </datafield>
  <datafield tag="337" ind1=" " ind2=" ">
    <subfield code="a">unmediated</subfield>
    <subfield code="2">rdamedia</subfield>
  </datafield>
  <datafield tag="338" ind1=" " ind2=" ">
    <subfield code="a">volume</subfield>
    <subfield code="2">rdacarrier</subfield>
  </datafield>
  <datafield tag="504" ind1=" " ind2=" ">
    <subfield code="a">Includes bibliographical references and index.</subfield>
  </datafield>
  <datafield tag="505" ind1=" " ind2=" ">
    <subfield code="a">Contents: Introduction to nursing theory: its history, significance and analysis -- History and philosophy of science -- Logical reasoning -- Theory development process -- Nursing theorists of historical significance -- Florence Nightingale: modern nursing -- Jean Nelson: philosophy and science of caring -- Marilyn Anne Ray: theory of bureaucratic caring -- Patricia Benner: from novice to expert: excellence and power in clinical nursing practice -- Kari Martinsen: philosophy of caring -- Katie Eriksson: theory of caritative caring -- Myra Estrin Levine: the conversation model -- Martha E. Rogers: unitary human beings -- Dorothea E. Orem: self-care deficit theory of nursing -- Imogene King: interacting systems framework and middle range theory of goal attainment -- Betty Neuman: systems model -- Sister Callista Roy: Adaptation model -- Dorothy E. Johnson: behavioral system model -- Anne Boykin and Savina O. Schoenhofer: nursing as caring: a model for transforming practice -- Ida Jean Orlando (Pelletier): Nursing process theory -- Nola J. Pender: health promotion model -- Madeleine Leninger: culture care theory of diversity and universality -- Margaret A. Newman: health as expanding consciousness -- Rosemarie Rizzo Parse: human becoming -- Helen C. Erickson, Evelyn M. Tomlin and Mary Ann P.Swain: modeling and role-modeling -- Gladys L. Husted and James H. Husted: symphonological bioethical theory -- Ramona T. Mercer: maternal role attainment-becoming a mother -- Merle H. Mishel: uncertainty in illness theory -- Pamela G. Reed: self-transcendence theory -- Carolyn L. Wiener and Marylin J. Dodd: theory of illness trajectory -- Georgene Gaskill Eakes, Mary Lermann Burke and Margaret A. Hainsworth: theory of chronic sorrow -- Phil Barker: tidal model of mental health recovery -- Katharine Kolcaba: theory of comfort -- Cheryl Tatano Beck: postpartum depression theory -- Kristen M. Swanson: theory of caring -- Cornelia M. Ruland and Shirley M. Moore: peaceful end of life theory -- State of the art and science of nursing theory -- </subfield>
  </datafield>
  <datafield tag="650" ind1="1" ind2="2">
    <subfield code="a">Nursing Theory</subfield>
    <subfield code="9">206</subfield>
  </datafield>
  <datafield tag="650" ind1="1" ind2="2">
    <subfield code="a">Nursing -- Philosophy</subfield>
    <subfield code="9">2871</subfield>
  </datafield>
  <datafield tag="700" ind1=" " ind2=" ">
    <subfield code="a">Tomey, Ann Marriner</subfield>
    <subfield code="9">2827</subfield>
  </datafield>
  <datafield tag="700" ind1=" " ind2=" ">
    <subfield code="a">Alligood, Martha Raile</subfield>
    <subfield code="9">2827</subfield>
  </datafield>
  <datafield tag="906" ind1=" " ind2=" ">
    <subfield code="a">7</subfield>
    <subfield code="b">cbc</subfield>
    <subfield code="c">orignew</subfield>
    <subfield code="d">1</subfield>
    <subfield code="e">ecip</subfield>
    <subfield code="f">20</subfield>
    <subfield code="g">y-gencatlg</subfield>
  </datafield>
  <datafield tag="942" ind1=" " ind2=" ">
    <subfield code="2">lcc</subfield>
    <subfield code="c">BK</subfield>
  </datafield>
  <datafield tag="999" ind1=" " ind2=" ">
    <subfield code="c">10224</subfield>
    <subfield code="d">17724</subfield>
  </datafield>
  <datafield tag="952" ind1=" " ind2=" ">
    <subfield code="0">0</subfield>
    <subfield code="1">0</subfield>
    <subfield code="2">lcc</subfield>
    <subfield code="4">0</subfield>
    <subfield code="7">0</subfield>
    <subfield code="a">WIUC-KL</subfield>
    <subfield code="b">WIUC-KL</subfield>
    <subfield code="c">NURS L.</subfield>
    <subfield code="d">2010-02-09</subfield>
    <subfield code="o">RT84.5.N97(6e)</subfield>
    <subfield code="p">KSN/1114/061/23</subfield>
    <subfield code="r">2023-11-13 00:00:00</subfield>
    <subfield code="w">2023-11-13</subfield>
    <subfield code="y">BK</subfield>
  </datafield>
</record>
